Olivia Rodrigo - Chansons de l'album Sour - Statistiques

Statistiques générales
  • Ce quiz a été pris 649 fois
  • Le résultat moyen est 9 sur 11
Statistiques - réponses
Hint Réponse % Correct
SOUR 3 drivers license
86%
SOUR, 8 happier
85%
SOUR 5 deja vu
84%
SOUR 6 good 4 u
84%
SOUR 2 traitor
83%
SOUR 1 brutal
80%
SOUR, 9 jealousy, jealousy
79%
SOUR, 10 favorite crime
74%
SOUR, 7 enough for you
71%
SOUR 4 1 step forward, 3 steps back
70%
SOUR, 11 hope Ur ok
70%
Aucun quiz correspondant
Distribution des résultats
% des personnes avec chaque résultat
Percentile par nombre de réponses
Votre historique - résultats
Vous n’avez pas pris ce quiz